000 00566nam a2200205Ii 4500
003 JO-AjNU
008 230606s9999||||xx |||||||||||||| ||und||
020 _a978-81-89005-63-4
040 _aJO-AjNU
_beng
_erda
_cJO-AjNU
041 _aeng
050 1 4 _aT58.6.2010
100 3 _aMathur,pradeep,
_eauthor
_9174
245 0 0 _aInformation Technology
264 3 1 _aNewdelhi:saurabh,2010
300 _a272p
336 _atext
_btxt
_2rdacontent
337 _aunmediated
_bn
_2rdamedia
338 _avolume
_bnc
_2rdacarrier
650 4 _amanagement information system
_9175
999 _aE92
_c92
_d92